[Event "GRE-chT 39th"]
[Site "Eretria"]
[Date "2011.07.07"]
[Round "6.8"]
[White "Kelires, Andreas"]
[Black "Oikonomou, Panagiotis Ch"]
[Result "1-0"]
[WhiteElo "1825"]
[BlackElo "1496"]
[PlyCount "73"]
[EventDate "2011.07.03"]
[EventType "team-swiss"]
[EventRounds "7"]
[EventCountry "GRE"]
[SourceTitle "CBM 143 Extra"]
[Source "ChessBase"]
[SourceDate "2011.08.29"]
[SourceVersion "1"]
[SourceVersionDate "2011.08.29"]
[SourceQuality "1"]
[WhiteTeam "Heraklion OAA"]
[BlackTeam "Amfissa Chess Union"]
[WhiteTeamCountry "GRE"]
[BlackTeamCountry "GRE"]

1. e4 d5 2. exd5 Qxd5 3. Nc3 Qd6 4. d4 Nf6 5. Nb5 Qb6 6. Nf3 a6 7. Na3 Bg4 8. Nc4 Qc6 9. Nce5 Bxf3 10. Nxf3 e6 11. Ne5 Qb6 12. Be2 c6 13. 0-0 Be7 14. Be3 Qd8 15. c3 0-0 16. Qb3 Qc8 17. Rac1 Nbd7 18. c4 Nxe5 19. dxe5 Nd7 20. Bf4 Rd8 21. Qh3 Qc7 22. Bd3 Nf8 23. Bb1 Rd7 24. Bg3 Rad8 25. Kh1 Rd2 26. Bc2 Qb6 27. Bb3 Rxb2 28. f4 Rbd2 29. f5 Bg5 30. fxe6 Nxe6 31. c5 Qc7 32. Bxe6 fxe6 33. Qxe6+ Kh8 34. Qf5 h6 35. e6 Qe7 36. Bd6 Qf6 37. e7 1-0

[Event "GRE-ch U12"]
[Site "Eretria"]
[Date "2011.06.25"]
[Round "1.4"]
[White "Papadopoulos, Argirios"]
[Black "Oikonomou, Panagiotis Ch"]
[Result "1-0"]
[WhiteElo "1735"]
[BlackElo "1499"]
[PlyCount "65"]
[EventDate "2011.06.25"]
[EventType "swiss"]
[EventRounds "9"]
[EventCountry "GRE"]
[SourceTitle "EXT 2024"]
[Source "ChessBase"]
[SourceDate "2023.10.10"]
[SourceVersion "1"]
[SourceVersionDate "2023.10.10"]
[SourceQuality "1"]

1. c4 Nf6 2. Nc3 e6 3. e4 Bb4 4. e5 Bxc3 5. dxc3 Ng8 6. Qg4 g6 7. h4 Nc6 8. Nf3 d6 9. Bg5 Nge7 10. Bf6 h5 11. Qg5 Rg8 12. 0-0-0 b6 13. Qf4 d5 14. g4 Qd7 15. Bh3 Ba6 16. gxh5 gxh5 17. cxd5 Nxd5 18. Qe4 Nxf6 19. exf6 Qc8 20. Qxc6+ Kf8 21. Qa4 Be2 22. Qb4+ c5 23. Qf4 Ke8 24. Rd2 Bb5 25. Rhd1 Qb7 26. Qd6 Qd7 27. Qxd7+ Bxd7 28. Rxd7 a6 29. Re7+ Kf8 30. Ne5 Rh8 31. Nd7+ Kg8 32. Bxe6 fxe6 33. Rg7# 1-0